Rückblick 2020 - Länder zuordnen (Asien & Ozeanien) - Statistiken

Allgemein
  • Dieses Quiz wurde 52 mal gespielt
  • Das Durchschnittsergebnis liegt bei 8 aus 15
Antwortstatistiken
Hint Antwort % Korrekt
Die Corona-Pandemie startet hier. China
100%
34 Menschen sterben bei Buschbränden. Australien
76%
Zwischen Armenien und diesem Land kommt es zum Krieg um Bergkarabach. Aserbaidschan
71%
Shinzō Abe tritt als Premierminister zurück. Seine 8-jährige Amtszeit ist die längste des Landes. Japan
60%
Das größte Land, das angibt, keine Fälle von COVID-19 zu haben, auch wenn dies etwas suspekt wirkt. Nordkorea
60%
Bei zwei Erdbeben der Stärke 6,7 und 6,9 sterben insgesamt 160 Menschen. Türkei
58%
Bei einer Explosion mit der Sprengkraft von 1100 Tonnen TNT werden mind. 190 Menschen getötet und über 1600 verletzt. Libanon
51%
Der Oscar-Gewinner für "Bester Film", "Parasite", stammt aus diesem Land. Südkorea
47%
Hier findet der G20-Gipfel statt. Saudi-Arabien
44%
Hoch im Himalaja kämpfen Soldaten aus China mit Fäusten, Knüppeln und Steinen gegen Soldaten aus diesem Land. Indien
42%
Der iranische General Qasen Soleimani wird hier von einem US-Drohnenangriff getötet. Irak
38%
Dieses Land normalisiert seine Beziehungen zu drei arabischen Ländern. Israel
38%
Ein Flugzeug stürzt in ein Wohngebiet und fordert 97 Todesopfer. Pakistan
29%
Dieses Land schießt ein ausländisches Passagierflugzeug ab, versucht es aber zu vertuschen. Iran
24%
Sultan Qabus bin Said stirbt nach einer fast 50-jährigen Regierungzeit. Oman
24%
Keine übereinstimmenden Quizze gefunden
Verteilung der Resultate
Anzahl Personen mit jedem Resultat
Perzentil nach korrekt beantworteten Fragen
Ihre Resultats-Entwicklung
Sie haben dieses Quiz noch nicht gespielt